000
00209 a2200097 4500
001
56729
100
_a
245
_a
Collection of fairy tales for story time
260
_a
USA
_b
Elek
_c
090
_c
34860
_d
34860
942
_a
NUST-CAE
_c
_c
27625
999
_c
291802
_d
291802